000 01361nam0a2200325 4500
001 RU\NLR\BIBL_A\011636345
005 20180306165259.0
010 _a978-5-00059-216-8
_95000
021 _aRU
_bКН-П-18-003268
_9КН-П-18-0226
021 _aRU
_bКН-П-18-091262
_9КН-П-18-6628
035 _a(NLR Aleph) 011636345
035 _a(RuMoRGB)009520202
090 _a11055843
_c11055843
100 _a20180216d2017 u y0rusy50 ca
101 1 _arus
_cdan
102 _aRU
105 _aa|||z|||000ay
200 1 _aСнежная королева
_eсказка в семи рассказах
_fГанс Христиан Андерсен
_gперевод с датского Анны Ганзен и Петра Ганзена
_g[художник: Мария Малинская]
210 _aМосква
_cДуховное преображение
_d2017
215 _a62, [1] с.
_cцв. ил.
_d24
686 _aШ9(2)72(4Д)
_2rubbk
686 0 _aШ9(4Д)60-4
700 1 _7ca
_8rus
_aАндерсен
_bХ. К.
_f1805-1875
_gХанс Кристиан
_9112181
_3RU\NLR\AUTH\772165
702 1 _aМалинская
_bМ.
_gМария
_4040
942 _cBOOK
980 _aNBR
980 _aNB